000
00292nam a22001337a 4500
008
181008b xxu||||| |||| 00| 0 eng d
020
_a
9780814251799
041
_a
eng
080
_2
11th
_a
371
100
_a
25
101
_a
EDU
245
_a
Language Files
_c
Mihalicek,V
942
_2
udc
_c
BK
999
_c
48992
_d
48992